LEADER 00934nam a2200205 i 4500 001 000000176778 003 CaOOAMICUS 005 20230220125123.0 008 081220s1906 it u000 u ita u 040 $aSeMil$bita 100 1 $aArata, Luigi.$0(OLS)http://semarc/name/65787 245 13$aIl linguaggio poetico in Virgilio :$bad uso delle scuole secondarie classiche. Studio /$cprof. Luigi Arata. 264 1$aCittą di Castello :$bS. Lapi,$c1906. 300 $a70 p. ;$c19 cm. 650 4$aVirgilio Marone, Publio <70-19 a.C.> - Opere - Studi.$0(OLS)http://semarc/subject/19946 850 $aSeMil 852 $aSeMil$W1$xVenegono$y1$m1Z II 101$j127598$B127598$CSeMilBibl$Z2$F138056 $81 996 $6245$aIl linguaggio poetico in Virgilio :$bad uso delle scuole secondarie classiche. Studio$9(OLS)http://semarc/title/253828 996 $6264$aCittą di Castello :$bS. Lapi$9(OLS)http://semarc/publisher/30070 LEADER 00878nam a2200193 i 4500 001 000000251850 003 CaOOAMICUS 005 20161205000000.0 008 161205s1785 it u000 u ita u 013 $a230755 026 $a1.ra o-po 4.ea (1to (3) 1785 (R) 040 $aSeMil$bita 245 10$aTomo 9. 300 $a[8], 403 [i.e. 409], [1] p., [2] carte di tav. ripieg. :$bill. calcogr. 500 $aSegn. : pg4 A-2B8 2C4 [chi]1. - C. Q2 e Y4 erron. segnate Q3 e Y6. - P. 347-352 ripetute nella num. 773 0 $aCarli, Gian Rinaldo <1720-1795>$tDelle opere del signor commendatore don Gianrinaldo conte Carli... Tomo 1. [-19.].$dMilano : Nell'Imperial Monistero di S. Ambrogio Maggiore, 1784-1794.$g9$w()4284 850 $aSeMil 852 $aSeMil$W1$xVenegono$y1$m3N II 9 FA$j202196$B202196$CSeMilBibl$Z2$F214871 $8I 996 $6245$aTomo 9$9(OLS)http://semarc/title/194409